Bienvenue à la E-Bibliothèque de l’UEH

Bénéficiez l'accès à des milliers de ressources en ligne

Esempi di seconda mano : (notice nᵒ 8018)

détails MARC
000 -LEADER
fixed length control field 01892 a2200325 4500
001 - CONTROL NUMBER
control field OB-ledizioni-10562
003 - CONTROL NUMBER IDENTIFIER
control field FrMaCLE
005 - DATE AND TIME OF LATEST TRANSACTION
control field 20251214082704.0
007 - PHYSICAL DESCRIPTION FIXED FIELD--GENERAL INFORMATION
fixed length control field cu ||||||m||||
008 - FIXED-LENGTH DATA ELEMENTS--GENERAL INFORMATION
fixed length control field 220510e||||||||xx |||||s|||||||||0|it|d
020 ## - INTERNATIONAL STANDARD BOOK NUMBER
International Standard Book Number 978-88-5526-689-5
024 7# - OTHER STANDARD IDENTIFIER
Standard number or code 10.4000/books.ledizioni.10562
Source of number or code doi
040 ## - CATALOGING SOURCE
Original cataloging agency FR-FrMaCLE
041 ## - LANGUAGE CODE
Language code of text/sound track or separate title ita
100 1# - MAIN ENTRY--PERSONAL NAME
Personal name Barsi, Monica
245 10 - TITLE STATEMENT
Title Esempi di seconda mano :
Remainder of title Studi sulla citazione in contesto europeo ed extraeuropeo /
Statement of responsibility, etc. Monica Barsi, Laura Pinnavaia.
260 ## - PUBLICATION, DISTRIBUTION, ETC.
Place of publication, distribution, etc. Milano :
Name of publisher, distributor, etc. Ledizioni,
Date of publication, distribution, etc. 2022.
300 ## - PHYSICAL DESCRIPTION
Extent 200 p.
500 ## - GENERAL NOTE
General note Ebook
520 ## - SUMMARY, ETC.
Summary, etc. Questo volume, che si avvale della partecipazione di un gruppo di docenti del Dipartimento di Lingue e Letterature Straniere dell’Università degli Studi di Milano, apre una prospettiva plurilingue e comparatista sulla citazione come luogo d’incontro tra almeno due voci. La suddivisione nelle diverse parti rende conto dell’internazionalità sottesa all’esigenza del citare che può essere interpretata all’interno della stessa lingua o da una lingua all’altra con diversi risultati. Il merito di questo tipo di ricerche è l’accostamento inedito di opere e contesti che difficilmente entrerebbero in risonanza. La raccolta sincronica di saggi monografici, oltre a offrire preziose messe a fuoco nelle singole aree di studio, propone di fatto collegamenti interdisciplinari promettenti e indispensabili per futuri spunti di riflessione.
540 ## - TERMS GOVERNING USE AND REPRODUCTION NOTE
Terms governing use and reproduction CC-BY-SA-4.0
Uniform Resource Identifier <a href="https://creativecommons.org/licenses/by-sa/4.0/">https://creativecommons.org/licenses/by-sa/4.0/</a>
650 #4 - SUBJECT ADDED ENTRY--TOPICAL TERM
Topical term or geographic name entry element Linguistics
Topical term or geographic name entry element Literature (General)
Topical term or geographic name entry element étude sur les citations
Topical term or geographic name entry element studio sulle citazioni
Topical term or geographic name entry element study on citations
700 1# - ADDED ENTRY--PERSONAL NAME
Personal name Pinnavaia, Laura
776 ## - ADDITIONAL PHYSICAL FORM ENTRY
International Standard Book Number 978-88-6705-971-3
856 4# - ELECTRONIC LOCATION AND ACCESS
Data provenance Barsi, Monica
Uniform Resource Identifier <a href="https://books.openedition.org/ledizioni/10562">https://books.openedition.org/ledizioni/10562</a>
Link text Esempi di seconda mano

Pas d'exemplaire disponible.

Bibliothèque universitaire de l'UEH
Portail centralisé donnant accès au catalogue, aux ressources numériques et aux productions scientifiques de l’Université d’État d’Haïti.

Plateformes institutionnelles

  • Dépôt institutionnel UEH
  • Revues scientifiques UEH
  • GED institutionnelle
  • UEH enseignement à distance

Contact

  • Adresse : 21 Rue Rivière, Port-au-Prince
  • Email : bibliotheque@ueh.edu.ht
  • Téléphone : +509 22-45-68-43 / 22-45-68-44
  • Heures : Lundi–Vendredi 8h–16h
© 2026 UEH – E-Bibliothèque de l’Université d’État d’Haïti | À propos | Confidentialité | Conditions | Mentions légales | Accessibilité | Plan du site | Contact